| 000 | 00671nam a2200193 4500 | ||
|---|---|---|---|
| 999 |
_c195938 _d195938 |
||
| 005 | 20230512104507.0 | ||
| 010 | _aENG-136885-934 | ||
| 020 |
_a9789395548595 _c200.00 |
||
| 035 | _aEN-120417-466 | ||
| 037 | _bDBAD/PUB | ||
| 082 | _a000 | ||
| 245 |
_aNext IAS Current Affairs: _bEarthquake In Turkey-Syria _cChief Edited By B.Singh And Edited By Aniruddh Pratap Singh |
||
| 260 |
_aNew Delhi _bMade Easy Publications _cMarch 2023 |
||
| 270 |
_a44-A/4, Kalu Sarai _bNew Delhi _e110016 _mInfomep@madeeasy.in _k45124660, 8860378007 |
||
| 300 |
_a116p. _c27cm(pbk) |
||
| 700 | _aB.Singh | ||
| 700 | _aAniruddh Pratap Singh | ||
| 942 |
_2ddc _cEN _mNEX _h000 |
||